000 00587cab a2200241 4500
001 X710
008 090401t1993 xxu||||| |||| 00| 0 eng d
035 _a(Sirsi) u67158
041 _aeng
245 _aBeef special premium scheme
260 _c1993
350 _a0
490 _aCS Monthly : Rural Practice
_v2(8) May 1993, 14(1)
650 _aBEEF SPECIAL PREMIUM SCHEME
650 _aCATTLE IDENTIFICATION DOCUMENTS
650 _aCATTLE PASSPORTS
650 _aCIDS
650 _aEC
650 _aMAFF
690 _aRURAL PRACTICE
942 _n0
948 _c04/03/1997
999 _c42023
_d42023